Serie A Transfer Records Top 30 - Statistics

General Stats
  • This quiz has been taken 100 times
  • The average score is 19 of 30
Answer Stats
# Player Season Joined Fee % Correct
1 Cristiano Ronaldo 18/19 Juventus €117.00m
100%
3 Paul Pogba 16/17 Man Utd €105.00m
91%
2 Romelu Lukaku 21/22 Chelsea €113.00m
90%
10 Romelu Lukaku 19/20 Inter €74.00m
90%
4 Gonzalo Higuaín 16/17 Juventus €90.00m
89%
8 Victor Osimhen 20/21 SSC Napoli €77.50m
81%
9 Zinédine Zidane 01/02 Real Madrid €77.50m
77%
13 Zlatan Ibrahimović 09/10 FC Barcelona €69.50m
77%
6 Dušan Vlahović 21/22 Juventus €83.50m
75%
5 Matthijs de Ligt 19/20 Juventus €85.50m
71%
15 Matthijs de Ligt 22/23 Bayern Munich €67.00m
71%
21 Sandro Tonali 23/24 Newcastle €58.90m
70%
18 Edinson Cavani 13/14 Paris SG €64.50m
66%
19 Alisson 18/19 Liverpool FC €62.50m
62%
16 Kaká 09/10 Real Madrid €67.00m
62%
12 Khvicha Kvaratskhelia 24/25 Paris SG €70.00m
62%
20 Miralem Pjanić 20/21 FC Barcelona €60.00m
59%
7 Arthur Melo 20/21 Juventus €80.60m
58%
25 Gianluigi Buffon 01/02 Juventus €52.88m
57%
11 Rasmus Højlund 23/24 Man Utd €73.90m
54%
14 Achraf Hakimi 21/22 Paris SG €68.00m
49%
27 Douglas Luiz 24/25 Juventus €51.50m
47%
23 Hernán Crespo 00/01 Lazio €56.81m
47%
17 João Cancelo 19/20 Man City €65.00m
47%
22 Jorginho 18/19 Chelsea €57.00m
46%
24 Teun Koopmeiners 24/25 Juventus €54.70m
44%
26 Cristian Romero 22/23 Tottenham €52.00m
38%
29 Min-jae Kim 23/24 Bayern Munich €50.00m
38%
30 Mauro Icardi 20/21 Paris SG €50.00m
27%
28 André Onana 23/24 Man Utd €50.20m
25%
No matching quizzes found
Score Distribution
Percent of People with Each Score
Percentile by Number Answered
Your Score History
You have not taken this quiz